MotoGP Fahrer 2024 - Statistiken

Allgemein
  • Dieses Quiz wurde 52 mal gespielt
  • Das Durchschnittsergebnis liegt bei 16 aus 30
Antwortstatistiken
Team Nummer Marke Nation Fahrer % Korrekt
Gresini Racing MotoGP 93 Ducati Spanien Marc Marquez
98%
Gresini Racing MotoGP 73 Ducati Spanien Alex Marquez
91%
Ducati Lenovo Team 1 Ducati Italien Francesco Bagnaia
84%
Prima Pramac Racing 89 Ducati Spanien Jorge Martin
75%
Red Bull KTM Factory Racing 33 KTM Südafrika Brad Binder
73%
Repsol Honda Team 36 Honda Spanien Joan Mir
73%
Red Bull GasGas Tech3 31 KTM Spanien Pedro Acosta
73%
Castrol Honda Team 5 Honda Frankreich Johan Zarco
68%
Pertamina Enduro VR46 Racing Team 72 Ducati Italien Marco Bezzecchi
68%
Monster Energy Yamaha MotoGP Team(19) 42 Yamaha Spanien Alex Rins
66%
Prima Pramac Racing 21 Ducati Italien Franco Morbidelli
66%
Ducati Lenovo Team 23 Ducati Italien Enea Bastianini
64%
Monster Energy Yamaha MotoGP Team 20 Yamaha Frankreich Fabio Quartararo
61%
Red Bull KTM Factory Racing 43 KTM Australien Jack Miller
61%
Red Bull GasGas Tech3 37 KTM Spanien Augusto Fernandez
57%
Trackhouse Racing 25 Aprilia Spanien Raul Fernandez
57%
Repsol Honda Team 10 Honda Italien Luca Marini
55%
Pertamina Enduro VR46 Racing Team(18) 49 Ducati Italien Fabio Di Giannantonio
50%
Aprilia Racing 12 Aprilia Spanien Maverick Vinales
48%
HRC Test Team(6) 6 Honda Deutschland Stefan Bradl
48%
Trackhouse Racing(16) 88 Aprilia Portugal Miguel Oliveira
45%
Castrol Honda Team 30 Honda Japan Takaaki Nakagami
39%
Aprilia Racing 41 Aprilia Spanien Aleix Espargaro
32%
Red Bull KTM Factory Racing(1) 26 KTM Spanien Dani Pedrosa
32%
Red Bull KTM Factory Racing(3) 44 KTM Spanien Pol Espargaro
30%
Aprilia Racing(4) 32 Aprilia Italien Lorenzo Savadori
27%
Trackhouse Racing(4) 32 Aprilia Italien Lorenzo Savadori
27%
Pertamina Enduro VR46 Racing Team(1) 29 Ducati Italien Andrea Iannone
16%
Monster Energy Yamaha MotoGP Team(3) 87 Yamaha Australien Remy Gardner
16%
Pertamina Enduro VR46 Racing Team(1) 51 Ducati Italien Michele Pirro
14%
Keine übereinstimmenden Quizze gefunden
Verteilung der Resultate
Anzahl Personen mit jedem Resultat
Perzentil nach korrekt beantworteten Fragen
Ihre Resultats-Entwicklung
Sie haben dieses Quiz noch nicht gespielt